000 01591nam a2200457 i 4500
001 55853
003 KOSZ 005
005 20221025080227.0
008 080721s2008 pl a f |001 0 pol
015 _aUWD 2008/21559
020 _a9788373955026
035 _a991043125409705066
035 _a(PL-WaBN)b21624951-48omnis_nlop
035 _ab21624951
035 _a(OCoLC)297530250
035 _a(PL)b0000002162495
035 _a(EXLNZ-48OMNIS_NETWORK)9910000342705606
040 _aWA N
_cWA N
_dKOSZ 005/HR
046 _k2008
080 _a669.2/.8
080 _a(075.8)
100 1 _aDobrzański, Leszek Adam
_d(1947- )
_eAutor
245 1 0 _aMetaloznawstwo opisowe stopów metali nieżelaznych /
_cLeszek A. Dobrzański.
260 _aGliwice :
_bWydawnictwo Politechniki Śląskiej,
_c2008.
300 _a480 s. :
_bil. (w tym kolor.) ;
_c25 cm.
336 _aTekst
_btxt
_2rdacontent
337 _aBez urządzenia pośredniczącego
_bn
_2rdamedia
338 _aWolumin
_bnc
_2rdacarrier
380 _aKsiążki
388 _a2001-
504 _aBibliogr. s. 461-464, wykaz norm s. 469-474. Indeksy.
650 7 _aMetale nieżelazne
_2DBN
650 7 _aMetaloznawstwo
_2DBN
650 7 _aStopy (materiałoznawstwo)
_2DBN
655 7 _aPodręczniki akademickie
_2DBN
658 _aInżynieria i technika
710 2 _aWydawnictwo Politechniki Śląskiej
_4pbl
856 _uhttp://koha.tu.koszalin.pl/cgi-bin/koha/opac-detail.pl?biblionumber=55853
_yKatalog online BPK
942 _2UKD
_cKS
999 _c55853
_d55853